Odd But True: Multiple Choice Quiz Stats

 Plays Quiz Updated Jun 23, 2018

Also try: Odd But True Facts
Challenge
Share
Tweet
Embed
Score 0/15 Timer 05:00
8 Plays Today
Question Answer Wrong Answers
Which of the following characters are rabbits? None, they are all hares
80.3%
Easter Bunny
4.5%
Bugs Bunny
7.1%
Brer Rabbit
5.3%
What was The Olympic Village for the 1980 Winter Games converted into after the games? A prison
63.2%
A Starbucks
8%
A roller disco
11.3%
A museum
10%
On a clear night about how many galaxies are visible to the naked eye? Two
52.7%
Five thousand
10.1%
Nine thousand
8.4%
Two Million
28%
How many toes does a two toed sloth have? It's either six or eight
49.3%
None
15.1%
Two
27.2%
Ten
6.6%
How many muscles do you have in total in all your fingers combined? None
42.6%
10
9.7%
20
16.5%
22
30%
Which eye did Lord Nelson wear his eye-patch on? He never wore an eye-patch
41.7%
His left
9.7%
His right
7%
It depended on his mood
34.7%
What was Billy the Kid's real first name? Henry
39.9%
Kidd
4.8%
William
46.4%
Bill
4.6%
Oxford University is developing artificial knees made from? spider silk
37.2%
whale bone
22.9%
egg shell
13.2%
coconut husk
18.9%
In 2016 Norway was home to less than 70 wolves. The Norwegian government decided to change this state of affairs by? Allowing 47 of them to be shot
32%
Importing more from Spain
21.1%
Artificial insemination
24.1%
Banning people from hunting them
15.2%
What kind of animal is the longest in the world? A worm
31.2%
A whale
33.8%
A jellyfish
23.1%
A snake
6.9%
Which of these was Mozart's middle name? Wolfgangus
31%
Johannes
4.3%
Amadeus
61.4%
Homer
2.7%
Which of these species are the most murderous mammals? Meerkats
27%
Dogs
16.5%
Chimpanzees
36.4%
Elk
13.6%
How many man made artifacts on Earth can be seen from space? Thousands
19%
Only the Great Wall
24.5%
About 6 on a clear day
13%
None
40.1%
Why is a marathon race distance 26 miles and 385 yards? For the convenience of the British royal family
18.9%
It's the distance from Marathon, Greece, to Athens
61.7%
No one knows?
7.1%
Completely by accident
6%
How many actors played Harry Potter in the Harry Potter movies? 5
11.9%
8
6.9%
2
22.4%
1
51.2%

You're not logged in!

Compare scores with friends on all Sporcle quizzes.
Join for Free
OR
Log In

You Might Also Like...

Show Comments

Extras

Top Quizzes Today


Score Distribution

Your Account Isn't Verified!

In order to create a playlist on Sporcle, you need to verify the email address you used during registration. Go to your Sporcle Settings to finish the process.

Report this User

Report this user for behavior that violates our Community Guidelines.

Details: